Smallest Countries With... Quiz Stats

 Plays Quiz Updated Feb 13, 2019

Score 0/80 Timer 07:00
5 Plays Today
% Correct
Vatican City*
85.8%
Luxembourg
78%
Luxembourg
78%
Luxembourg
78%
Monaco
75.9%
Andorra
73.3%
Liechtenstein
70.8%
Liechtenstein
70.8%
San Marino
68.9%
Jamaica
61.8%
Jamaica
61.8%
Haiti
60.4%
Singapore
60.3%
Singapore
60.3%
Singapore
60.3%
Singapore
60.3%
Fiji
59%
Belgium
58%
Belgium
58%
Belgium
58%
Israel
57.1%
Israel
57.1%
Malta
56.9%
Malta
56.9%
Malta
56.9%
The Netherlands
54.6%
The Netherlands
54.6%
The Netherlands
54.6%
Cyprus
52.9%
Dominican Republic
52.7%
Belize
51.7%
Belize
51.7%
Grenada
51.5%
United Arab Emirates
51.5%
Palestine
50.4%
Taiwan
49.8%
Taiwan
49.8%
Taiwan
49.8%
Switzerland
49.7%
Switzerland
49.7%
% Correct
eSwatini
48.7%
Bahrain
47.8%
Bahrain
47.8%
Kosovo
47.7%
Barbados
47.1%
Barbados
47.1%
Trinidad and Tobago
46.3%
Sri Lanka
45.8%
Samoa
45.3%
Maldives
44.2%
El Salvador
44%
Lebanon
43.4%
Lebanon
43.4%
Tonga
43.1%
Slovenia
42.6%
South Korea
42.5%
Montenegro
42.2%
Marshall Islands
42.1%
Palau
42%
Portugal
41.2%
Rwanda
41.2%
Rwanda
41.2%
Grenada
40.5%
Djibouti
40.3%
North Macedonia
39.7%
North Macedonia
39.7%
Micronesia
39.2%
Georgia
37.8%
Georgia
37.8%
Armenia
36.2%
Guatemala
35.1%
Timor-Leste
34.4%
Timor-Leste
34.4%
Mauritius
34.2%
Mauritius
34.2%
Mauritius
34.2%
Bosnia and Herzegovina
33.2%
Czechia
30.8%
Czechia
30.8%
Czechia
30.8%

You're not logged in!

Compare scores with friends on all Sporcle quizzes.
OR
Log In

You Might Also Like...

Show Comments

Extras

Top Quizzes Today


Score Distribution

Your Account Isn't Verified!

In order to create a playlist on Sporcle, you need to verify the email address you used during registration. Go to your Sporcle Settings to finish the process.

Report this User

Report this user for behavior that violates our Community Guidelines.

Details: